| 000 | 00623nam a22002051c 4500 | ||
|---|---|---|---|
| 001 | a987664403 | ||
| 008 | 090908s1993 gw |||| 000u ger d | ||
| 041 | _ager | ||
| 100 | 1 | _aLuchterhand, Galina | |
| 245 | 0 | 4 |
_aDie politischen Parteien im neuen Russland : _bDokumente und Kommentare |
| 264 |
_aBremen : _bEdition Temmen, _c1993 |
||
| 650 | 0 | _aPerestrojka | |
| 650 | 0 | _aTransformation | |
| 650 | 0 | _a | |
| 710 | 2 | _aForschungsstelle Osteuropa an der Universität Bremen | |
| 942 | _cMG | ||
| 040 | _cRU-10907106 | ||
| 003 | RU-10907106 | ||
| 999 |
_c18742 _d18742 |
||
| 490 | 0 |
_aDokumentationen zur Kultur und Gesellschaft im östlichen Europa _v1 |
|